000 00485nam a2200157Ia 4500
999 _c17985
_d17985
003 OSt
005 20200606120048.0
008 190216s9999||||xx |||||||||||||| ||und||
040 _cMESKC library
082 _a891.432
_bMAL/H
100 _aMalik, Santhi
_9229
245 0 _aHindi Natakom Ki Silpa Vidhi Ka Vikas /
_cSanthi Malik
260 _bNational Publishing House,
_aNew Delhi:
_c1971.
300 _a539p
942 _cBK
_2ddc
_h891.432
_iMAL/H
_k891.432
_mMAL/H